| 000 | 01038cam a22002895a 4500 | ||
|---|---|---|---|
| 001 | L158422 | ||
| 008 | 120215s2015 xxko f 000 0 eng d | ||
| 020 | _a9781848064102 | ||
| 035 | _a(Sirsi) u158422 | ||
| 041 | 0 | _aeng | |
| 100 | 1 | _aWaghorn, Mark | |
| 245 | 0 | 0 | _aDelivering sustainable, low energy housing with softwood timber frame |
| 260 |
_aWatford _bBRE _c2015 |
||
| 300 |
_a12p. _bill. _c30cm. |
||
| 490 | 0 |
_aBRE Information Paper _v(3/15) |
|
| 520 | _aDescribes the most common approaches to timber framing in the UK and how these are evolving to meet the increasing demand for high performance, low energy housing. Case studies illustrate three different approaches to low energy timber frame residential construction. | ||
| 521 | _aAdvanced | ||
| 590 | _aKA | ||
| 650 | 2 | 4 | _aTIMBER FRAME CONSTRUCTION |
| 650 | 2 | 4 | _aLOW ENERGY DESIGN |
| 651 | 4 |
_aUnited Kingdom _y |
|
| 690 | _aBuilding materials and defects | ||
| 690 |
_aSustainability _96271 |
||
| 700 | 1 | _aSuttie, Ed | |
| 700 | 1 | _aSutton, Andy | |
| 942 | _n0 | ||
| 999 |
_c115299 _d115299 |
||